000 005880000a22001810004500
003 MACL
005 20160514132425.0
008 160514b xxu||||| |||| 00| 0 eng d
040 _aMACL
_cMACL
041 _aHindi
082 _a891.431 BHA
100 _aभारदाज, शीतांशु
_957038
245 _aसुच्‍चेमन की कहानियॉ
_cशीतांशु भारदाज
260 _bपराग प्रकाशन
_c2000
_aनई दिल्‍ली
350 _a200
650 _aStory
_957039
942 _cHIN
_k800/BHA/S
_2ddc
999 _c10233
_d10233